000 00327 a2200157 4500
001 158940
020 _a
040 _cMagnum
100 _a-
240 1 0 _aAventura visual / dinossauros
_lpor
245 1 0 _aAventura visual / dinossauros
362 0 _a1899
440 1 _aGlobo
697 _aMAGNITO: COLECAO
942 _cBK
999 _c158940
_d158940